| 000 | 00465cam a2200181ua 4500 | ||
|---|---|---|---|
| 020 | _c16.00 | ||
| 041 |
_aeng _h |
||
| 082 |
_a824 _bRUS/PO |
||
| 100 | _aRussel, Bertrand . | ||
| 245 |
_aPortraits arom memory and other essays / _cBertrand Russel. _hTextual Documents |
||
| 250 |
_a1 / _b. |
||
| 260 |
_aLondon : _bGeorge Allen & Unwin Ltd , _c1957. |
||
| 300 |
_a221 ; _eAtlas. |
||
| 365 | _a16.00 | ||
| 504 | _a | ||
| 942 | _cBK | ||
| 999 |
_c5293 _d5293 |
||